00505nam a2200181 a 4500001001300000003000900013005001700022008004100039020002700080082001500107100002800122245006500150260004300215300000900258500003500267505001000302650001100312nice12345678IN_TiNIC20260116014422.0050524s2000 cama grp 000 0 eng  a0946621 c1068.6500a297.4bJAW aJawziyya, Ibn Qayyim Al aInvocation of Godb Al Wabilal-Sayyib Min Al-Kalim Al-Tayyib aCambridgebIslamic Texts Societyc2000 a182p aincludes index and biblioraphy2 aIndex aSufism